Nová duševní práce - virtuální a interkulturní

Duševná práca je práca s vedomosťami, které sú významným faktorom konkurencieschopnosti ekonomík, organizácií i jednotlivcov. Najvýznamnejšími atribútmi súčasnej znalostnej práce sú virtualizácia a realizácia v interkultúrnych tímoch. V blízkej budúcnosti sa očakávajú ďalšie zmeny práce, ktoré budú...

Descripción completa

Guardado en:
Detalles Bibliográficos
Autor principal: Kubátová, Jaroslava
Formato: Capítulo de libro
Lenguaje:checo
Materias:
Etiquetas: Agregar Etiqueta
Sin Etiquetas, Sea el primero en etiquetar este registro!

MARC

LEADER 00000nla$a2200000$$$4500
001 0123250
005 20221017110224.7
041 0 |a cze 
044 |a SK 
245 1 0 |a Nová duševní práce - virtuální a interkulturní  |c Jaroslava Kubátová 
520 |a Duševná práca je práca s vedomosťami, které sú významným faktorom konkurencieschopnosti ekonomík, organizácií i jednotlivcov. Najvýznamnejšími atribútmi súčasnej znalostnej práce sú virtualizácia a realizácia v interkultúrnych tímoch. V blízkej budúcnosti sa očakávajú ďalšie zmeny práce, ktoré budú predstavovať nové rozšírenie požiadaviek na znalostných pracovníkov. Autorka špecifikuje tieto požiadavky a navrhuje spôsob, akým môžu školy pripraviť svojich absolventov na tieto nové nároky. 
610 2 0 |a spoločnosť vedomostná 
610 2 0 |a práca duševná 
610 2 0 |a tímy pracovné 
610 2 0 |a využitie počítačov 
610 2 0 |a absolventi 
610 2 0 |a vzdelávanie celoživotné 
100 1 |a Kubátová, Jaroslava